000 00767nam a2200253Ia 4500
003 OSt
005 20220925192815.0
006 a|||||r|||| 00| 0
007 ta
008 220923b |||||||| |||| 00| 0 eng d
020 _cRs 50
037 _b414dt, 02/12/1985, BD
_cGeneral Book
040 _aRTL
_cRTL
_beng
041 _2eng
_aeng
082 _aT4.2.N8, M5
100 _aChakrabortty Krishna
_9105561
245 0 _aUniversity student
_b Background profile and stance
260 _aCalcutta
_bK P Bagchi and Company India
_c1985
300 _avii,115p.
_ccm.
500 _aBib p. 112-15
650 _aUniversity Education
942 _hT4.2.N8, M5
_cGB
_2CC
999 _c523439
_d523439